000 00546nam a22001697a 4500
005 20150410111931.0
008 150410b xxu||||| |||| 00| 0 eng d
040 _cPK-LaUMT
082 _aKHC 954.0359
_bZAH-P
100 _aزاھد چودھری
245 _aپاکستان کی سیاسی تاریخ
_bپاکستان کیسے بنا؟
_cزاھد چودھری
260 _aلاہور
_bادارہ مطالعہ تاریخ
_c1993
300 _a565 ص
490 _vجلد(دوم
700 _aحسن فعفر زیدی(ترتیب
942 _cBK
999 _c69860
_d69860